000 00336nam a2200133Ia 4500
008 100328s9999 xx 000 0 und d
082 _b49778
100 _aकर्णिक हेमन.
245 _aभेदी.
260 _bचंद्रमौळी
630 _aभेदी.
730 _aभेदी.
942 _cBOOK
999 _c537037
_d537034